| 000 | 00738nam a2200241Ia 4500 | ||
|---|---|---|---|
| 003 | OSt | ||
| 005 | 20220926000720.0 | ||
| 006 | a|||||r|||| 00| 0 | ||
| 007 | ta | ||
| 008 | 220923b |||||||| |||| 00| 0 eng d | ||
| 037 | _cGeneral Book | ||
| 040 |
_aRTL _cRTL _beng |
||
| 041 |
_2eng _aeng |
||
| 082 | _aY0gF.2.N8, N0 | ||
| 100 |
_aNag Chaudhuri B D _9302908 |
||
| 245 | 0 | _aNew technological civilization and Indian society | |
| 260 |
_a New Delhi _bIndus Publishing Company _c1990 |
||
| 300 |
_axi,139p _ccm. |
||
| 490 | _aIndian Institute of Advaned Study Seminar^b36 | ||
| 650 |
_aSociology irt Technology _9247712 |
||
| 942 |
_hY0gF.2.N8, N0 _cGB _2CC |
||
| 999 |
_c599473 _d599473 |
||